<?xml version="1.0" encoding="UTF-8"?>
<record
    xmlns:xsi="http://www.w3.org/2001/XMLSchema-instance"
    xsi:schemaLocation="http://www.loc.gov/MARC21/slim http://www.loc.gov/standards/marcxml/schema/MARC21slim.xsd"
    xmlns="http://www.loc.gov/MARC21/slim">

  <leader>00825cam a2200277 a 4500</leader>
  <datafield tag="999" ind1=" " ind2=" ">
    <subfield code="c">113189</subfield>
    <subfield code="d">113189</subfield>
  </datafield>
  <controlfield tag="001">2843389</controlfield>
  <controlfield tag="005">20220803091148.0</controlfield>
  <controlfield tag="008">850308s1985    nyua     b    001 0 eng c</controlfield>
  <datafield tag="020" ind1=" " ind2=" ">
    <subfield code="a">0064602060 (pbk.) :</subfield>
  </datafield>
  <datafield tag="040" ind1=" " ind2=" ">
    <subfield code="c">PK-LaUMT</subfield>
  </datafield>
  <datafield tag="082" ind1="0" ind2="0">
    <subfield code="a">612.022</subfield>
    <subfield code="b">NET-A</subfield>
  </datafield>
  <datafield tag="100" ind1=" " ind2=" ">
    <subfield code="a">Netter, Frank H.</subfield>
  </datafield>
  <datafield tag="245" ind1="0" ind2="0">
    <subfield code="a">Atlas of human anatomy /</subfield>
    <subfield code="c">by Frank H. Netter; illustrated by Carlos A. G. Machado; edited by John T. Hansen</subfield>
  </datafield>
  <datafield tag="250" ind1=" " ind2=" ">
    <subfield code="a">7th ed. </subfield>
  </datafield>
  <datafield tag="260" ind1=" " ind2=" ">
    <subfield code="a">New York :</subfield>
    <subfield code="b">Barnes &amp; Noble,</subfield>
    <subfield code="c">2014</subfield>
  </datafield>
  <datafield tag="300" ind1=" " ind2=" ">
    <subfield code="a">535 p. :</subfield>
    <subfield code="b">ill. (some col.) ;</subfield>
    <subfield code="c">24 cm.</subfield>
  </datafield>
  <datafield tag="500" ind1=" " ind2=" ">
    <subfield code="a">Includes index.</subfield>
  </datafield>
  <datafield tag="650" ind1=" " ind2="0">
    <subfield code="a">Human anatomy</subfield>
    <subfield code="x">Atlases.</subfield>
  </datafield>
  <datafield tag="650" ind1=" " ind2="2">
    <subfield code="a">Anatomy</subfield>
    <subfield code="x">atlases.</subfield>
  </datafield>
  <datafield tag="700" ind1="1" ind2=" ">
    <subfield code="a">Frohse, Franz.</subfield>
  </datafield>
  <datafield tag="700" ind1="1" ind2=" ">
    <subfield code="a">Br&#xF6;del, Max,</subfield>
  </datafield>
  <datafield tag="700" ind1="1" ind2=" ">
    <subfield code="a">Schlossberg, Leon.</subfield>
  </datafield>
  <datafield tag="700" ind1="1" ind2=" ">
    <subfield code="a">Smith, Samuel,</subfield>
  </datafield>
  <datafield tag="700" ind1="1" ind2=" ">
    <subfield code="a">Steen, Edwin Benzel,</subfield>
  </datafield>
  <datafield tag="942" ind1=" " ind2=" ">
    <subfield code="c">BK</subfield>
  </datafield>
  <datafield tag="952" ind1=" " ind2=" ">
    <subfield code="0">0</subfield>
    <subfield code="1">0</subfield>
    <subfield code="4">0</subfield>
    <subfield code="7">0</subfield>
    <subfield code="a">HSC</subfield>
    <subfield code="b">HSC</subfield>
    <subfield code="d">2019-07-13</subfield>
    <subfield code="l">4</subfield>
    <subfield code="o">612.022 NET-A</subfield>
    <subfield code="p">130888</subfield>
    <subfield code="r">2023-07-20 00:00:00</subfield>
    <subfield code="s">2023-07-17</subfield>
    <subfield code="w">2019-07-13</subfield>
    <subfield code="y">T</subfield>
  </datafield>
  <datafield tag="952" ind1=" " ind2=" ">
    <subfield code="0">0</subfield>
    <subfield code="1">0</subfield>
    <subfield code="4">0</subfield>
    <subfield code="7">0</subfield>
    <subfield code="a">HSC</subfield>
    <subfield code="b">HSC</subfield>
    <subfield code="d">2019-07-13</subfield>
    <subfield code="l">0</subfield>
    <subfield code="o">612.022 NET-A</subfield>
    <subfield code="p">130889</subfield>
    <subfield code="r">2019-07-13 00:00:00</subfield>
    <subfield code="t">C.2</subfield>
    <subfield code="w">2019-07-13</subfield>
    <subfield code="y">T</subfield>
  </datafield>
  <datafield tag="952" ind1=" " ind2=" ">
    <subfield code="0">0</subfield>
    <subfield code="1">0</subfield>
    <subfield code="4">0</subfield>
    <subfield code="7">0</subfield>
    <subfield code="a">HSC</subfield>
    <subfield code="b">HSC</subfield>
    <subfield code="d">2019-07-13</subfield>
    <subfield code="l">2</subfield>
    <subfield code="o">612.022 NET-A</subfield>
    <subfield code="p">130890</subfield>
    <subfield code="r">2025-08-19 10:36:20</subfield>
    <subfield code="s">2025-08-06</subfield>
    <subfield code="t">C. 3</subfield>
    <subfield code="w">2019-07-13</subfield>
    <subfield code="y">T</subfield>
  </datafield>
  <datafield tag="952" ind1=" " ind2=" ">
    <subfield code="0">0</subfield>
    <subfield code="1">0</subfield>
    <subfield code="4">0</subfield>
    <subfield code="7">0</subfield>
    <subfield code="a">HSC</subfield>
    <subfield code="b">HSC</subfield>
    <subfield code="d">2022-01-27</subfield>
    <subfield code="l">2</subfield>
    <subfield code="o">612.022 NET-A</subfield>
    <subfield code="p">140984</subfield>
    <subfield code="r">2025-08-09 08:57:44</subfield>
    <subfield code="s">2025-07-01</subfield>
    <subfield code="t">C.4</subfield>
    <subfield code="w">2022-01-27</subfield>
    <subfield code="y">T</subfield>
  </datafield>
  <datafield tag="952" ind1=" " ind2=" ">
    <subfield code="0">0</subfield>
    <subfield code="1">0</subfield>
    <subfield code="4">0</subfield>
    <subfield code="7">0</subfield>
    <subfield code="a">HSC</subfield>
    <subfield code="b">HSC</subfield>
    <subfield code="d">2022-01-27</subfield>
    <subfield code="l">10</subfield>
    <subfield code="o">612.022 NET-A</subfield>
    <subfield code="p">140985</subfield>
    <subfield code="r">2025-06-05 08:35:10</subfield>
    <subfield code="s">2025-05-22</subfield>
    <subfield code="t">C.5</subfield>
    <subfield code="w">2022-01-27</subfield>
    <subfield code="y">T</subfield>
  </datafield>
  <datafield tag="952" ind1=" " ind2=" ">
    <subfield code="0">0</subfield>
    <subfield code="1">0</subfield>
    <subfield code="4">0</subfield>
    <subfield code="7">0</subfield>
    <subfield code="a">HSC</subfield>
    <subfield code="b">HSC</subfield>
    <subfield code="d">2022-01-27</subfield>
    <subfield code="l">14</subfield>
    <subfield code="o">612.022 NET-A</subfield>
    <subfield code="p">140986</subfield>
    <subfield code="q">2025-12-03</subfield>
    <subfield code="r">2025-11-19 11:17:11</subfield>
    <subfield code="s">2025-11-19</subfield>
    <subfield code="t">C.6</subfield>
    <subfield code="w">2022-01-27</subfield>
    <subfield code="y">T</subfield>
  </datafield>
  <datafield tag="952" ind1=" " ind2=" ">
    <subfield code="0">0</subfield>
    <subfield code="1">0</subfield>
    <subfield code="4">0</subfield>
    <subfield code="7">0</subfield>
    <subfield code="a">HSC</subfield>
    <subfield code="b">HSC</subfield>
    <subfield code="d">2022-01-27</subfield>
    <subfield code="l">5</subfield>
    <subfield code="o">612.022 NET-A</subfield>
    <subfield code="p">140987</subfield>
    <subfield code="r">2025-03-11 10:22:39</subfield>
    <subfield code="s">2025-03-03</subfield>
    <subfield code="t">C.7</subfield>
    <subfield code="w">2022-01-27</subfield>
    <subfield code="y">T</subfield>
  </datafield>
  <datafield tag="952" ind1=" " ind2=" ">
    <subfield code="0">0</subfield>
    <subfield code="1">0</subfield>
    <subfield code="4">0</subfield>
    <subfield code="7">0</subfield>
    <subfield code="a">HSC</subfield>
    <subfield code="b">HSC</subfield>
    <subfield code="d">2022-01-27</subfield>
    <subfield code="l">9</subfield>
    <subfield code="o">612.022 NET-A</subfield>
    <subfield code="p">140988</subfield>
    <subfield code="q">2026-02-16</subfield>
    <subfield code="r">2026-02-02 15:22:28</subfield>
    <subfield code="s">2026-02-02</subfield>
    <subfield code="t">C.8</subfield>
    <subfield code="w">2022-01-27</subfield>
    <subfield code="y">T</subfield>
  </datafield>
  <datafield tag="952" ind1=" " ind2=" ">
    <subfield code="0">0</subfield>
    <subfield code="1">0</subfield>
    <subfield code="4">0</subfield>
    <subfield code="7">0</subfield>
    <subfield code="a">HSC</subfield>
    <subfield code="b">HSC</subfield>
    <subfield code="d">2022-01-27</subfield>
    <subfield code="l">10</subfield>
    <subfield code="m">1</subfield>
    <subfield code="o">612.022 NET-A</subfield>
    <subfield code="p">140989</subfield>
    <subfield code="r">2026-02-16 08:47:16</subfield>
    <subfield code="s">2026-02-02</subfield>
    <subfield code="t">C.9</subfield>
    <subfield code="w">2022-01-27</subfield>
    <subfield code="y">T</subfield>
  </datafield>
  <datafield tag="952" ind1=" " ind2=" ">
    <subfield code="0">0</subfield>
    <subfield code="1">0</subfield>
    <subfield code="4">0</subfield>
    <subfield code="7">0</subfield>
    <subfield code="a">HSC</subfield>
    <subfield code="b">HSC</subfield>
    <subfield code="d">2022-01-27</subfield>
    <subfield code="l">11</subfield>
    <subfield code="m">1</subfield>
    <subfield code="o">612.022 NET-A</subfield>
    <subfield code="p">140990</subfield>
    <subfield code="r">2025-06-04 09:22:18</subfield>
    <subfield code="s">2025-05-21</subfield>
    <subfield code="t">C.10</subfield>
    <subfield code="w">2022-01-27</subfield>
    <subfield code="y">T</subfield>
  </datafield>
  <datafield tag="952" ind1=" " ind2=" ">
    <subfield code="0">0</subfield>
    <subfield code="1">0</subfield>
    <subfield code="4">0</subfield>
    <subfield code="7">0</subfield>
    <subfield code="a">HSC</subfield>
    <subfield code="b">HSC</subfield>
    <subfield code="d">2022-01-27</subfield>
    <subfield code="l">11</subfield>
    <subfield code="o">612.022 NET-A</subfield>
    <subfield code="p">140991</subfield>
    <subfield code="r">2025-06-04 08:22:58</subfield>
    <subfield code="s">2025-05-22</subfield>
    <subfield code="t">C.11</subfield>
    <subfield code="w">2022-01-27</subfield>
    <subfield code="y">T</subfield>
  </datafield>
  <datafield tag="952" ind1=" " ind2=" ">
    <subfield code="0">0</subfield>
    <subfield code="1">0</subfield>
    <subfield code="4">0</subfield>
    <subfield code="7">0</subfield>
    <subfield code="a">HSC</subfield>
    <subfield code="b">HSC</subfield>
    <subfield code="d">2022-01-27</subfield>
    <subfield code="l">4</subfield>
    <subfield code="o">612.022 NET-A</subfield>
    <subfield code="p">140992</subfield>
    <subfield code="r">2025-12-29 12:20:05</subfield>
    <subfield code="s">2025-01-17</subfield>
    <subfield code="t">C.12</subfield>
    <subfield code="w">2022-01-27</subfield>
    <subfield code="y">BK</subfield>
  </datafield>
</record>
